Kvalita vzdelávania – princípy manažérstva kvality výučby

Pokračovanie prípevku z predchádzajúceho čísla. Potreba systémového prístupu pri snahe dosahovať kvalitnejšie vzdelávanie a vzdelanie. Princípy manažérstva kvality výučby ako základ noriem pre systém manažérstva kvality výučby.

Uložené v:
Podrobná bibliografia
Hlavný autor: Hliboká, Lucia
Médium: Kapitola
Jazyk:Slovak
Predmet:
Tagy: Pridať tag
Žiadne tagy, Buďte prvý, kto otaguje tento záznam!

MARC

LEADER 00000nla a2200000 4500
001 0229559
005 20240417075114.9
041 0 |a slo 
044 |a SK 
245 1 0 |a Kvalita vzdelávania – princípy manažérstva kvality výučby  |c Lucia Hliboká 
520 |a Pokračovanie prípevku z predchádzajúceho čísla. Potreba systémového prístupu pri snahe dosahovať kvalitnejšie vzdelávanie a vzdelanie. Princípy manažérstva kvality výučby ako základ noriem pre systém manažérstva kvality výučby. 
610 2 0 |a vzdelávanie 
610 2 0 |a kvalita vzdelávania 
610 2 0 |a riadenie kvality 
610 2 0 |a normy kvality 
610 2 0 |a politika vzdelávania 
100 1 |a Hliboká, Lucia